Chudobní pracujúci v EÚ a ich základné charakteristiky
V súvislosti so spoločensko-ekonomickým vývojom sa objavuje na trhu práce nový typ pracujúceho – chudobný pracujúci. Miera rizika chudoby pracujúcich sa stala súčasťou pravidelného štatistického zisťovania o príjmových a životných podmienkach. Hodnotenie a porovnávanie vybraných indikátorov chudob...
Salvato in:
| Autore principale: | |
|---|---|
| Natura: | Capitolo di libro |
| Lingua: | slovacco |
| Soggetti: | |
| Tags: |
Nessun Tag, puoi essere il primo ad aggiungerne!!
|
MARC
| LEADER | 00000nla a2200000 4500 | ||
|---|---|---|---|
| 001 | 0208027 | ||
| 005 | 20240502083520.2 | ||
| 041 | 0 | |a slo | |
| 044 | |a CZ | ||
| 245 | 1 | 0 | |a Chudobní pracujúci v EÚ a ich základné charakteristiky |c Silvia Šipikalová |
| 520 | |a V súvislosti so spoločensko-ekonomickým vývojom sa objavuje na trhu práce nový typ pracujúceho – chudobný pracujúci. Miera rizika chudoby pracujúcich sa stala súčasťou pravidelného štatistického zisťovania o príjmových a životných podmienkach. Hodnotenie a porovnávanie vybraných indikátorov chudoby pracujúcich v členských štátoch EÚ. | ||
| 610 | 2 | 0 | |a chudoba |
| 610 | 2 | 0 | |a chudobní |
| 610 | 2 | 0 | |a pracovníci |
| 610 | 2 | 0 | |a zamestnanci |
| 610 | 2 | 0 | |a príjmy domácností |
| 610 | 2 | 0 | |a prostriedky existenčné |
| 610 | 2 | 0 | |a situácia finančná obyvateľstva |
| 100 | 1 | |a Šipikalová, Silvia, 1979- | |